Sports Illustrated's Sportsman of the Year Quiz - Statistics

General Stats
  • This quiz has been taken 895 times
  • The average score is 12 of 73
Answer Stats
Hint Answer % Correct
1991 Michael Jordan
84%
1996 Tiger Woods
65%
2000 Tiger Woods
65%
1958 Rafer Johnson
64%
2001 Randy Johnson
64%
2005 Tom Brady
55%
2008 Michael Phelps
49%
1974 Muhammad Ali
48%
1987 Reggie Williams
42%
1997 Dean Smith
39%
1990 Joe Montana
39%
1982 Wayne Gretzky
34%
1978 Jack Nicklaus
30%
1960 Arnold Palmer
29%
2003 David Robinson
29%
2009 Derek Jeter
29%
1968 Bill Russell
27%
2002 Lance Armstrong
25%
2003 Tim Duncan
24%
1998 Sammy Sosa
22%
1975 Pete Rose
21%
1998 Mark McGwire
19%
1985 Kareem Abdul-Jabbar
17%
1979 Terry Bradshaw
16%
1995 Cal Ripken Jr.
15%
2010 Drew Brees
15%
2006 Dwayne Wade
14%
1965 Sandy Koufax
13%
1972 Billie Jean King
12%
1970 Bobby Orr
12%
1992 Arthur Ashe
11%
1987 Judi Brown King
11%
1976 Chris Evert
10%
1984 Mary Lou Retton
10%
2001 Curt Schilling
9%
1969 Tom Seaver
9%
1972 John Wooden
8%
1957 Stan Musial
8%
1981 Sugar Ray Leonard
8%
1979 Willie Stargell
7%
1954 Roger Bannister
6%
1984 Edwin Moses
5%
2007 Brett Farve
4%
1994 Bonnie Blair
3%
2004 Boston Red Sox
3%
1993 Don Shula
3%
1989 Greg LeMond
3%
1973 Jackie Stewart
3%
1986 Joe Paterno
3%
2011 Pat Summit
3%
1987 Dale Murphy
2%
1988 Orel Hershiser
2%
1977 Steve Cauthen
2%
1980 U.S. Olympic Hockey Team
2%
1999 U.S. Women's Soccer Team
2%
1987 Bob Bourne
1%
1956 Bobby Morrow
1%
1987 Chip Rives
1%
1959 Ingemar Johansson
1%
1961 Jerry Lucas
1%
1966 Jim Ryun
1%
1994 Johann Olav Koss
1%
1955 Johnny Podres
1%
1964 Ken Venturi
1%
1987 Kip Keino
1%
1983 Mary Decker
1%
2011 Mike Krzyzewski
1%
1987 Patty Sheehan
1%
1987 Rory Sparrow
1%
1962 Terry Baker
1%
1967 Carl Yastrzemski
0%
1971 Lee Trevine
0%
1963 Pete Rozelle
0%
No matching quizzes found
Score Distribution
Percent of People with Each Score
Percentile by Number Answered
Your Score History
You have not taken this quiz